Water wells and septic systems handbook / (Record no. 332434)
[ view plain ]
| 000 -LEADER | |
|---|---|
| fixed length control field | 01373cam a22003014a 4500 |
| 001 - CONTROL NUMBER | |
| control field | 13103212 |
| 003 - CONTROL NUMBER IDENTIFIER | |
| control field | NUST |
| 005 - DATE AND TIME OF LATEST TRANSACTION | |
| control field | 20171206092638.0 |
| 008 - FIXED-LENGTH DATA ELEMENTS--GENERAL INFORMATION | |
| fixed length control field | 030225s2003 nyua f 001 0 eng |
| 010 ## - LIBRARY OF CONGRESS CONTROL NUMBER | |
| LC control number | 2003044514 |
| 020 ## - INTERNATIONAL STANDARD BOOK NUMBER | |
| International Standard Book Number | 0071402004 (alk. paper) |
| 040 ## - CATALOGING SOURCE | |
| Original cataloging agency | DLC |
| Transcribing agency | DLC |
| Modifying agency | DLC |
| 042 ## - AUTHENTICATION CODE | |
| Authentication code | pcc |
| 050 00 - LIBRARY OF CONGRESS CALL NUMBER | |
| Classification number | TD405 |
| Item number | .W6624 2003 |
| 082 00 - DEWEY DECIMAL CLASSIFICATION NUMBER | |
| Classification number | 628.742 WOO |
| Edition number | 21 |
| 100 1# - MAIN ENTRY--PERSONAL NAME | |
| Personal name | Woodson, R. Dodge |
| Fuller form of name | (Roger Dodge), |
| Dates associated with a name | 1955- |
| 9 (RLIN) | 6942 |
| 245 10 - TITLE STATEMENT | |
| Title | Water wells and septic systems handbook / |
| Statement of responsibility, etc. | R. Dodge Woodson. |
| 246 14 - VARYING FORM OF TITLE | |
| Title proper/short title | Water wells & septic systems handbook |
| 260 ## - PUBLICATION, DISTRIBUTION, ETC. | |
| Place of publication, distribution, etc. | New York : |
| Name of publisher, distributor, etc. | McGraw-Hill, |
| Date of publication, distribution, etc. | c2003. |
| 300 ## - PHYSICAL DESCRIPTION | |
| Extent | xx, 449 p. : |
| Other physical details | ill. ; |
| Dimensions | 24 cm. |
| 500 ## - GENERAL NOTE | |
| General note | Includes index. |
| 501 ## - WITH NOTE | |
| With note | H.B |
| 650 #0 - SUBJECT ADDED ENTRY--TOPICAL TERM | |
| Topical term or geographic name entry element | Wells |
| Form subdivision | Handbooks, manuals, etc. |
| 9 (RLIN) | 6943 |
| 650 #0 - SUBJECT ADDED ENTRY--TOPICAL TERM | |
| Topical term or geographic name entry element | Septic tanks |
| Form subdivision | Handbooks, manuals, etc. |
| 9 (RLIN) | 6944 |
| 856 42 - ELECTRONIC LOCATION AND ACCESS | |
| Materials specified | Contributor biographical information |
| Uniform Resource Identifier | <a href="http://www.loc.gov/catdir/bios/mh041/2003044514.html">http://www.loc.gov/catdir/bios/mh041/2003044514.html</a> |
| 856 41 - ELECTRONIC LOCATION AND ACCESS | |
| Materials specified | Table of contents |
| Uniform Resource Identifier | <a href="http://www.loc.gov/catdir/toc/mh031/2003044514.html">http://www.loc.gov/catdir/toc/mh031/2003044514.html</a> |
| 906 ## - LOCAL DATA ELEMENT F, LDF (RLIN) | |
| a | 7 |
| b | cbc |
| c | orignew |
| d | 1 |
| e | ocip |
| f | 20 |
| g | y-gencatlg |
| 942 ## - ADDED ENTRY ELEMENTS (KOHA) | |
| Source of classification or shelving scheme | |
| Koha item type | Book |
| Call number prefix | IESE |
| Withdrawn status | Lost status | Source of classification or shelving scheme | Damaged status | Not for loan | Collection code | Permanent Location | Current Location | Shelving location | Date acquired | Total Checkouts | Full call number | Barcode | Date last seen | Price effective from | Koha item type |
|---|---|---|---|---|---|---|---|---|---|---|---|---|---|---|---|
| Institute of Environmental Science and Engineering (IESE) | Institute of Environmental Science and Engineering (IESE) | General Stacks | 12/06/2017 | 628.742 WOO | IESE-1252 | 12/06/2017 | 12/06/2017 | Book |
